000 00579nam a2200217 a 4500
999 _c10511
_d10511
001 10511
003 BD-JhCC
005 20180430183022.0
008 180430s1966 nbu |||| |||| 000 0 eng d
035 _a(BD-JhCC)10511
040 _aBD-JhCC
_dBD-JhCC
041 _aeng
082 _a813
_bFIT 1966
100 _afitzwater, Eva
245 _aTo kill a mocking bird, notes /
_c Eva fitzwater,
260 _aUSA :
_bCliff's notes,
_c1966
300 _a44 p. :
_c21 cm. :
504 _aIncludes bibliography
650 _aTo kill a mockingbird (Lee, Harper)
942 _2ddc
_cBK